Study of structural, optical and electrical properties of modified tellurite glasses (Record no. 393587)
[ view plain ]
| 000 -LEADER | |
|---|---|
| fixed length control field | 00551nam a22001937a 4500 |
| 005 - DATE & TIME | |
| control field | 20251015153942.0 |
| 008 - FIXED-LENGTH DATA ELEMENTS--GENERAL INFORMATION | |
| fixed length control field | 251015b |||||||| |||| 00| 0 eng d |
| 040 ## - CATALOGING SOURCE | |
| Original cataloging agency | VIVEKANANDA LIBRARY |
| 082 ## - DDC NUMBER | |
| Classification number | 530.41 |
| Book Number | K836S |
| 100 ## - MAIN ENTRY--PERSONAL NAME | |
| Personal name | Komal |
| 245 ## - TITLE STATEMENT | |
| Title | Study of structural, optical and electrical properties of modified tellurite glasses |
| 260 ## - PUBLICATION, DISTRIBUTION, ETC. (IMPRINT) | |
| Name of publisher, distributor, etc | Department of Physics, M D University, Rohtak |
| Date of publication, distribution, etc | 2025 |
| 300 ## - PHYSICAL DESCRIPTION | |
| Pages | x, 196 |
| 650 ## - Subject | |
| Subject | Physics |
| 650 ## - Subject | |
| Subject | Optical Properties |
| 650 ## - Subject | |
| Subject | Electrical Properties |
| 700 ## - Added Entry Personal Name | |
| Added Entry Personal Name | Parmar, Rajesh |
| 942 ## - ADDED ENTRY ELEMENTS (KOHA) | |
| Koha item type | Thesis |
| Withdrawn status | Lost status | Source of classification or shelving scheme | Damaged status | Not for loan | Location (home branch) | Sublocation or collection (holding branch) | Shelving location | Date acquired | Koha issues (times borrowed) | Koha full call number | Accession No. | Koha date last seen | Copy number | Koha item type |
|---|---|---|---|---|---|---|---|---|---|---|---|---|---|---|
| Dewey Decimal Classification | VIVEKANANDA LIBRARY | VIVEKANANDA LIBRARY | Vivekananda Library | 15/10/2025 | 530.41 K836S | 411142 | 15/10/2025 | R | Thesis |
